Small investors ready to spend (Record no. 117864)
[ view plain ]
| 000 -LEADER | |
|---|---|
| fixed length control field | 01192cam a2200217 4500 |
| 001 - CONTROL NUMBER | |
| control field | WB@3612-143 |
| 008 - FIXED-LENGTH DATA ELEMENTS--GENERAL INFORMATION | |
| fixed length control field | 040819n2004 000 0 eng u |
| 035 ## - SYSTEM CONTROL NUMBER | |
| System control number | (Sirsi) u127103 |
| 245 ## - TITLE STATEMENT | |
| Title | Small investors ready to spend |
| 260 ## - PUBLICATION, DISTRIBUTION, ETC. | |
| Date of publication, distribution, etc. | 2004 |
| 490 ## - SERIES STATEMENT | |
| Series statement | Estates Gazette |
| Volume/sequential designation | (0433) 14 August 2004 (1) |
| 520 ## - SUMMARY, ETC. | |
| Summary, etc. | "Opening the door to property: assessing the needs of small investors in property" has been published. The research report was commissioned jointly by the British Property Federation, Investment Property Forum and RICS and reveals that small investors have £35bn ready for commercial property. Apparently there are at least 6.5m active individual investors in the UK. While 54% of them are aware of commercial property's recent out-performance of equities and bonds, only 5% would even consider investing in more commercial property products in the next 12 months. See the full findings at: http://www.bpf.propertymall.com/research/doc/29. |
| 590 ## - LOCAL NOTE (RLIN) | |
| Local note | WB |
| 590 ## - LOCAL NOTE (RLIN) | |
| Local note | WB |
| 650 ## - SUBJECT ADDED ENTRY--TOPICAL TERM | |
| Topical term or geographic name entry element | INVESTORS |
| 650 ## - SUBJECT ADDED ENTRY--TOPICAL TERM | |
| Topical term or geographic name entry element | FINANCIAL MARKETS |
| 650 ## - SUBJECT ADDED ENTRY--TOPICAL TERM | |
| Topical term or geographic name entry element | PRIVATE INVESTORS |
| 650 ## - SUBJECT ADDED ENTRY--TOPICAL TERM | |
| Topical term or geographic name entry element | PROPERTY-COMMERCIAL PROPERTY |
| 690 ## - LOCAL SUBJECT ADDED ENTRY--TOPICAL TERM (OCLC, RLIN) | |
| Topical term or geographic name as entry element | COMMERCIAL PROPERTY-INVESTMENT |
| 942 ## - ADDED ENTRY ELEMENTS (KOHA) | |
| Suppress in OPAC | 0 |
| Withdrawn status | Lost status | Source of classification or shelving scheme | Damaged status | Not for loan | Home library | Current library | Shelving location | Date acquired | Total Checkouts | Full call number | Barcode | Date last seen | Copy number | Price effective from | Koha item type |
|---|---|---|---|---|---|---|---|---|---|---|---|---|---|---|---|
| Dewey Decimal Classification | London | London | News article | 19/08/2004 | WB4032-04 | 127103-1001 | 06/08/2019 | 1 | 06/08/2019 | News article |